[Event "37th ECC Open 2022"]
[Site "Mayrhofen AUT"]
[Date "2022.10.04"]
[Round "2.11"]
[Board "5"]
[White "Czebe, Attila"]
[Black "Sos Andreu, Eric"]
[Result "1/2-1/2"]
[WhiteTitle "GM"]
[BlackTitle "IM"]
[WhiteElo "2366"]
[BlackElo "2353"]
[WhiteTeam "Sentimento Ajka BSK"]
[BlackTeam "Andreu Valencia Origin Chess"]
[WhiteFideId "705268"]
[BlackFideId "22247017"]
[EventDate "2022.10.03"]

1. d4 Nf6 2. c4 e6 3. Nf3 c5 4. Nc3 cxd4 5. Nxd4 d5 6. cxd5 Nxd5 7. e4 Nxc3 8.
bxc3 Be7 9. Bb5+ Bd7 10. O-O O-O 11. Rb1 Bxb5 12. Rxb5 Qc7 13. Qb3 b6 14. Ba3
Bxa3 15. Qxa3 Nc6 16. Nxc6 Qxc6 17. Rb4 Rfd8 18. h3 Rd7 19. Re1 Qc5 20. Qb2 Rad8
21. Rb5 Qc6 22. a4 Rd2 23. Qb4 h6 24. a5 Rd1 25. Rxd1 Rxd1+ 26. Kh2 Qc7+ 27. e5
Rd3 28. axb6 axb6 29. f4 Qxc3 30. Rxb6 Qxb4 31. Rxb4 Kh7 32. h4 h5 33. g3 Kg6
34. Rb7 Rd2+ 35. Kh3 Ra2 36. Rc7 Rb2 1/2-1/2

[Event "37th ECC Open 2022"]
[Site "Mayrhofen AUT"]
[Date "2022.10.04"]
[Round "2.11"]
[Board "6"]
[White "Torres Sanchez, Jose"]
[Black "Korpa, Bence"]
[Result "0-1"]
[WhiteTitle "FM"]
[BlackTitle "GM"]
[WhiteElo "2239"]
[BlackElo "2496"]
[WhiteTeam "Andreu Valencia Origin Chess"]
[BlackTeam "Sentimento Ajka BSK"]
[WhiteFideId "2217210"]
[BlackFideId "706671"]
[EventDate "2022.10.03"]

1. Nf3 g6 2. g3 Bg7 3. Bg2 d5 4. d4 e6 5. Nc3 c5 6. dxc5 Na6 7. O-O Nxc5 8. Be3
b6 9. Bd4 Nf6 10. b4 Na6 11. e4 Nxb4 12. Rb1 Nc6 13. exd5 exd5 14. Re1+ Be6 15.
Ng5 Nxd4 16. Qxd4 O-O 17. Nxe6 fxe6 18. Rxe6 Ne4 19. Qxd5 Nxc3 20. Qb3 Kh8 21.
Bxa8 Nxb1 0-1

[Event "37th ECC Open 2022"]
[Site "Mayrhofen AUT"]
[Date "2022.10.04"]
[Round "2.12"]
[Board "1"]
[White "Maiwald, Jens-Uwe"]
[Black "Kokkila, Tero"]
[Result "1/2-1/2"]
[WhiteTitle "GM"]
[BlackTitle "FM"]
[WhiteElo "2441"]
[BlackElo "2230"]
[WhiteTeam "SK Zell/Zillertal"]
[BlackTeam "Etelä-Vantaan Shakki"]
[WhiteFideId "4612396"]
[BlackFideId "501352"]
[EventDate "2022.10.03"]

1. Nf3 d5 2. g3 g6 3. Bg2 Bg7 4. c4 c6 5. Qa4 dxc4 6. Qxc4 e5 7. d3 Be6 8. Qc2
h6 9. O-O Nd7 10. Nbd2 Ne7 11. Nc4 O-O 12. Bd2 Qc7 13. b4 Nf5 14. Rab1 Nd6 15.
Nxd6 Qxd6 16. Be3 Bd5 17. Nd2 f5 18. Bc5 Nxc5 19. bxc5 Qd7 20. Rb4 b5 21. cxb6
axb6 22. Nc4 Bxg2 23. Kxg2 b5 24. Ne3 f4 25. Qb3+ Qf7 26. gxf4 Rxa2 27. Qxf7+
Rxf7 28. fxe5 Bxe5 29. Re4 Bg7 30. Ng4 c5 31. Rc1 Rf5 32. h4 Kh7 33. Re7 1/2-1/2

[Event "37th ECC Open 2022"]
[Site "Mayrhofen AUT"]
[Date "2022.10.04"]
[Round "2.12"]
[Board "2"]
[White "Salo, Heikki"]
[Black "Hausner, Ivan"]
[Result "0-1"]
[WhiteTitle "FM"]
[BlackTitle "IM"]
[WhiteElo "2248"]
[BlackElo "2266"]
[WhiteTeam "Etelä-Vantaan Shakki"]
[BlackTeam "SK Zell/Zillertal"]
[WhiteFideId "500593"]
[BlackFideId "300110"]
[EventDate "2022.10.03"]

1. d4 d6 2. Nf3 Bg4 3. c4 Nd7 4. Nc3 Ngf6 5. Qb3 Rb8 6. h3 Bxf3 7. gxf3 e5 8. d5
g6 9. f4 exf4 10. Bxf4 Bg7 11. e3 O-O 12. Be2 Re8 13. h4 Nc5 14. Qc2 Nfe4 15.
Nxe4 Nxe4 16. Bd3 Nc5 17. Rb1 Nxd3+ 18. Qxd3 h5 19. Bg5 Qd7 20. b3 c5 21. dxc6
Qxc6 22. Rg1 b5 23. Rc1 Rbc8 24. Ke2 Qa6 25. a4 bxa4 26. b4 a3 27. Rgd1 a2 0-1

[Event "37th ECC Open 2022"]
[Site "Mayrhofen AUT"]
[Date "2022.10.04"]
[Round "2.12"]
[Board "3"]
[White "Lever, Erwan"]
[Black "Paasikangas, Johanna"]
[Result "1-0"]
[BlackTitle "FM"]
[WhiteElo "2242"]
[BlackElo "2125"]
[WhiteTeam "SK Zell/Zillertal"]
[BlackTeam "Etelä-Vantaan Shakki"]
[WhiteFideId "20640099"]
[BlackFideId "500879"]
[EventDate "2022.10.03"]

1. d4 Nf6 2. c4 g6 3. Nc3 Bg7 4. e4 d6 5. Be2 O-O 6. Nf3 Nbd7 7. O-O e5 8. Qc2
Qe7 9. d5 Kh8 10. Bg5 h6 11. Bd2 Ng8 12. Rae1 f5 13. exf5 gxf5 14. Kh1 a6 15. b4
c5 16. a3 Qf6 17. g3 Ne7 18. Nh4 Ng6 19. Ng2 Rf7 20. Bh5 b6 21. f4 Ndf8 22. Na4
b5 23. Nb6 Rb8 24. bxc5 Rxb6 25. cxb6 bxc4 26. Qxc4 Bb7 27. Bc3 Qd8 28. Nh4 Kh7
29. Nxg6 Nxg6 30. g4 Qxb6 31. gxf5 Rxf5 32. Bxg6+ Kxg6 33. Rb1 Qa7 34. Rg1+ Kh7
35. fxe5 dxe5 36. Qe4 Bc8 37. Rgf1 Qf7 38. Rf3 Qh5 39. Rbf1 Kg6 40. d6 Be6 41.
Ba5 Bf6 42. Rxf5 Bxf5 43. Qxf5+ Qxf5 44. Rxf5 Kxf5 45. d7 1-0

[Event "37th ECC Open 2022"]
[Site "Mayrhofen AUT"]
[Date "2022.10.04"]
[Round "2.12"]
[Board "4"]
[White "Vihinen, Teemu"]
[Black "Tabernig, Bernhard"]
[Result "0-1"]
[BlackTitle "FM"]
[WhiteElo "2126"]
[BlackElo "2310"]
[WhiteTeam "Etelä-Vantaan Shakki"]
[BlackTeam "SK Zell/Zillertal"]
[WhiteFideId "501611"]
[BlackFideId "1600680"]
[EventDate "2022.10.03"]

1. e4 e6 2. d4 d5 3. e5 c5 4. c3 Nc6 5. Nf3 Qb6 6. a3 c4 7. Nbd2 Na5 8. g3 Bd7
9. Bg2 Ne7 10. O-O h6 11. h4 Nc8 12. Ne1 Qc7 13. f4 Nb6 14. h5 O-O-O 15. Bh3 g6
16. Ng2 Be7 17. Ne3 Rdg8 18. Kh2 Kb8 19. Rb1 Qd8 20. Qe2 Ba4 21. Nf3 Bd7 22. Bd2
Nb3 23. Be1 Na4 24. Qc2 b5 25. g4 Kb7 26. Bf2 Nb6 27. f5 Qc8 28. hxg6 exf5 29.
Nxf5 Qf8 30. g7 Rxg7 31. Nxg7 Qxg7 32. Bh4 h5 33. g5 Bg4 34. Qg2 Qg6 35. Bxg4
hxg4 36. Qxg4 Qc2+ 37. Qg2 Qe4 38. Rbe1 Rxh4+ 39. Nxh4 Qxh4+ 40. Qh3 Qxg5 41.
Re2 Qg8 42. Rg2 Qe8 43. Qh7 Na5 44. Rxf7 Nc6 45. Rgg7 Nc8 46. Kg1 Qd7 47. Qg6 a5
48. Qf5 Kc7 49. e6 Qd6 50. Rf8 b4 51. axb4 axb4 52. Re8 bxc3 53. bxc3 Qa3 54.
Qf4+ Kb7 55. Qe3 Qa1+ 56. Kg2 Qb2+ 57. Kh3 Qb1 58. Qf3 Qc1 59. Rgg8 Nd6 60. Ra8
Qh6+ 61. Kg2 Qxe6 62. Qg3 Qe2+ 63. Kh3 Qd3 64. Ra2 Qb1 65. Qg2 Qh7+ 0-1

[Event "37th ECC Open 2022"]
[Site "Mayrhofen AUT"]
[Date "2022.10.04"]
[Round "2.12"]
[Board "5"]
[White "Schiestl, Josef"]
[Black "Tahkavuori, Tapani"]
[Result "1-0"]
[WhiteElo "2123"]
[BlackElo "2070"]
[WhiteTeam "SK Zell/Zillertal"]
[BlackTeam "Etelä-Vantaan Shakki"]
[WhiteFideId "1606921"]
[BlackFideId "502405"]
[EventDate "2022.10.03"]

1. e4 c5 2. Nc3 e6 3. Nf3 Nc6 4. d4 cxd4 5. Nxd4 Nf6 6. Be2 Be7 7. f4 d5 8. e5
Nxd4 9. Qxd4 Nd7 10. Be3 a6 11. O-O-O Qc7 12. Qd2 O-O 13. Rhf1 Bb4 14. Bd4 Nc5
15. Qe3 b6 16. Rf3 Bb7 17. f5 exf5 18. Rxf5 Rac8 19. Bd3 Bxc3 20. Bxc3 Ne4 21.
Bd4 b5 22. Rdf1 b4 23. Kb1 Qa5 24. Bxe4 dxe4 25. e6 Bd5 26. Rxf7 Bxa2+ 27. Kc1
Rxc2+ 28. Kxc2 Rc8+ 29. Kd2 b3+ 30. Bc3 Qd5+ 31. Ke1 Rxc3 32. Qxc3 1-0

[Event "37th ECC Open 2022"]
[Site "Mayrhofen AUT"]
[Date "2022.10.04"]
[Round "2.12"]
[Board "6"]
[White "Buselli, Daniel"]
[Black "Spindelberger, Paul"]
[Result "1-0"]
[WhiteElo "1667"]
[BlackElo "1983"]
[WhiteTeam "Etelä-Vantaan Shakki"]
[BlackTeam "SK Zell/Zillertal"]
[WhiteFideId "515728"]
[BlackFideId "1605356"]
[EventDate "2022.10.03"]

1. d4 Nf6 2. c4 g6 3. Nc3 Bg7 4. e4 d6 5. f3 O-O 6. Be3 c5 7. Nge2 Nc6 8. d5 Ne5
9. Ng3 h5 10. Be2 h4 11. Nf1 e6 12. f4 Nxc4 13. Bxc4 b5 14. Bxb5 Qa5 15. Qa4 Qb4
16. Qxb4 cxb4 17. Nd1 Nxe4 18. Bc6 exd5 19. Bxa8 Be6 20. Bc6 f5 21. Nd2 d4 22.
Nxe4 fxe4 23. O-O dxe3 24. Nxe3 Bd4 25. Rfe1 Rxf4 26. Rad1 Bc5 27. b3 h3 28. Bd5
Kf7 29. Bxe6+ Kxe6 30. Kh1 Rf2 31. gxh3 Bxe3 32. Rxe3 d5 33. Kg1 Rxa2 34. Rg3
Ra5 35. Rxg6+ Kf5 36. Rd6 Ke5 37. Rd8 e3 38. Re8+ Kf4 39. Rf1+ 1-0

[Event "37th ECC Open 2022"]
[Site "Mayrhofen AUT"]
[Date "2022.10.04"]
[Round "2.13"]
[Board "1"]
[White "Gallana, Marco"]
[Black "Meshkovs, Nikita"]
[Result "1/2-1/2"]
[BlackTitle "GM"]
[WhiteElo "2265"]
[BlackElo "2566"]
[WhiteTeam "Celtic Tigers"]
[BlackTeam "Vammalan Shakkikerho"]
[WhiteFideId "824542"]
[BlackFideId "11602740"]
[EventDate "2022.10.03"]

1. d4 Nf6 2. c4 e6 3. Nf3 d5 4. g3 Bb4+ 5. Bd2 Be7 6. Bg2 O-O 7. O-O Nbd7 8. Qc2
c6 9. Rd1 Ne4 10. Nc3 f5 11. Be1 Bf6 12. Nd2 Nd6 13. cxd5 exd5 14. e3 Nb6 15. a4
a5 16. Nb3 g5 17. Nc5 Bg7 18. Ne2 Kh8 19. b3 Qe7 20. Nd3 f4 21. exf4 Bf5 22. Qb2
Nd7 23. Rac1 Rfe8 24. Ne5 gxf4 25. Nxf4 Nxe5 26. dxe5 Bxe5 27. Bc3 Bxc3 28.
Qxc3+ Qe5 29. Qc5 Ne4 30. Bxe4 Bxe4 31. Re1 Qg7 32. Nh5 Qe5 33. Nf4 Qf6 34. Nh5
Qe5 35. Nf4 1/2-1/2

[Event "37th ECC Open 2022"]
[Site "Mayrhofen AUT"]
[Date "2022.10.04"]
[Round "2.13"]
[Board "2"]
[White "Niemi, Mikko"]
[Black "Hoffmann, Hendrik"]
[Result "1-0"]
[WhiteTitle "FM"]
[BlackTitle "FM"]
[WhiteElo "2306"]
[BlackElo "2238"]
[WhiteTeam "Vammalan Shakkikerho"]
[BlackTeam "Celtic Tigers"]
[WhiteFideId "505374"]
[BlackFideId "4618130"]
[EventDate "2022.10.03"]

1. c4 Nf6 2. g3 e6 3. Nf3 d5 4. d4 Be7 5. Bg2 O-O 6. O-O c5 7. cxd5 exd5 8. dxc5
Bxc5 9. Qc2 Bb6 10. Nc3 Nc6 11. Bg5 d4 12. Na4 h6 13. Nxb6 axb6 14. Bf4 Be6 15.
Rfd1 Re8 16. Ne5 Bd5 17. Nxc6 Bxc6 18. Bxc6 bxc6 19. Qxc6 Rxe2 20. Qb5 Qe8 21.
Qxe8+ Raxe8 22. Rxd4 Rxb2 23. Be3 b5 24. a3 Ra8 25. Rd3 Ne4 26. Re1 b4 27. f3
bxa3 28. fxe4 a2 29. Rdd1 Rab8 30. Ra1 Rc8 31. Kf1 Rxh2 32. Re2 Rxe2 33. Kxe2
Rc2+ 34. Bd2 Kh7 35. Kd3 Rb2 36. Kc3 Rb5 37. Rxa2 f5 38. Kc4 Re5 39. exf5 Rxf5
40. Bf4 Rf7 41. Kd5 Kg6 42. Ke6 Rf6+ 43. Ke5 Kh7 44. Ra7 Kg8 45. Ke4 Rg6 46. Be5
Rg5 47. Rd7 Kh7 48. Bf4 Rg6 49. Rd6 Rg4 50. Kf3 Rg6 51. Rxg6 Kxg6 52. Be5 h5 53.
Bc7 Kg5 54. Bd8+ Kf5 55. Be7 Ke5 56. Bf8 g6 57. Bh6 Kf5 58. Bf4 g5 59. Bc7 Kf6
60. Ke4 Kg6 61. Bd8 Kh6 62. Kf5 h4 63. Bxg5+ Kh5 64. g4# 1-0

[Event "37th ECC Open 2022"]
[Site "Mayrhofen AUT"]
[Date "2022.10.04"]
[Round "2.13"]
[Board "3"]
[White "Zulfic, Fedja"]
[Black "Heinola, Vesa"]
[Result "1/2-1/2"]
[BlackTitle "CM"]
[WhiteElo "2157"]
[BlackElo "2265"]
[WhiteTeam "Celtic Tigers"]
[BlackTeam "Vammalan Shakkikerho"]
[WhiteFideId "3208427"]
[BlackFideId "1706063"]
[EventDate "2022.10.03"]

1. e4 c5 2. Nf3 a6 3. g3 Nc6 4. Bg2 g6 5. O-O Bg7 6. c3 e5 7. d3 Nge7 8. Be3 d6
9. Qd2 O-O 10. Bh6 f6 11. Na3 Bxh6 12. Qxh6 Be6 13. h4 b5 14. Nc2 Qb6 15. h5 Rf7
16. Ne3 Rg7 17. Nh4 Rf8 18. f4 exf4 19. Qxf4 Ne5 20. hxg6 hxg6 21. d4 cxd4 22.
cxd4 Qxd4 23. Rad1 Qc5 24. Qf2 Nc4 25. Nxc4 Bxc4 26. Rfe1 Nc6 27. b3 Be6 28.
Qxc5 dxc5 29. Rd6 Nd4 30. Rxa6 Rd8 31. Nf3 Bg4 32. Rxf6 Bxf3 33. Bxf3 Ra7 34. e5
Nxf3+ 35. Rxf3 Rxa2 36. e6 Ra7 37. Re5 Rc7 38. Rc3 Rdc8 39. b4 Kf8 40. Rcxc5
Rxc5 41. bxc5 b4 42. Re4 Rxc5 1/2-1/2

[Event "37th ECC Open 2022"]
[Site "Mayrhofen AUT"]
[Date "2022.10.04"]
[Round "2.13"]
[Board "4"]
[White "Kauko, Jussi"]
[Black "Hill, Alistair"]
[Result "1-0"]
[WhiteTitle "FM"]
[WhiteElo "2250"]
[BlackElo "2173"]
[WhiteTeam "Vammalan Shakkikerho"]
[BlackTeam "Celtic Tigers"]
[WhiteFideId "501794"]
[BlackFideId "432407"]
[EventDate "2022.10.03"]

1. c4 Nf6 2. g3 c5 3. Bg2 d5 4. cxd5 Nxd5 5. Nc3 Nc7 6. Qa4+ Bd7 7. Qb3 Nc6 8.
Qxb7 Nd4 9. Qe4 g6 10. Qb1 Bg7 11. d3 Rb8 12. Bd2 O-O 13. e3 Ndb5 14. Nge2 Bg4
15. Qc2 Qd7 16. Rd1 Rfd8 17. Bc1 Na6 18. a3 Be6 19. Ne4 Nxa3 20. bxa3 Bb3 21.
Qd2 Bxd1 22. Qxd1 Qxd3 23. Qxd3 Rxd3 24. Nd2 Bb2 25. Be4 Rxa3 26. O-O Bxc1 27.
Nxc1 Nb4 28. Nc4 Ra1 29. Nb3 Rxf1+ 30. Kxf1 f5 31. Bf3 Nd3 32. Bd5+ Kg7 33. Nca5
e5 34. Ke2 e4 35. f3 Nb4 36. fxe4 Nxd5 37. exd5 c4 38. Nc5 Rb2+ 39. Ke1 Kf7 40.
d6 Rb8 41. Nc6 Rb1+ 42. Kd2 c3+ 43. Kc2 1-0

[Event "37th ECC Open 2022"]
[Site "Mayrhofen AUT"]
[Date "2022.10.04"]
[Round "2.13"]
[Board "5"]
[White "Maciol, Ryszard"]
[Black "Torkkola, Henri"]
[Result "1/2-1/2"]
[WhiteElo "2119"]
[BlackElo "2174"]
[WhiteTeam "Celtic Tigers"]
[BlackTeam "Vammalan Shakkikerho"]
[WhiteFideId "1118153"]
[BlackFideId "507660"]
[EventDate "2022.10.03"]

1. d4 Nf6 2. c4 c5 3. d5 e6 4. Nc3 exd5 5. cxd5 d6 6. e4 g6 7. Bd3 Bg7 8. h3 O-O
9. Nf3 b5 10. Nxb5 Nxe4 11. Bxe4 Re8 12. Ng5 Qa5+ 13. Nc3 Ba6 14. Bd2 Nd7 15. f4
h6 16. Ne6 fxe6 17. dxe6 Rxe6 18. Kf2 Bd4+ 19. Kg3 Rae8 20. Bd5 Nf6 21. Bxe6+
Rxe6 22. Qb3 c4 23. Qb8+ Re8 24. Qxd6 Bxc3 25. Qxf6 Re3+ 26. Kh2 Bxd2 27. Qxg6+
Kf8 28. Qxh6+ Ke7 29. Qg7+ Kd6 30. Rad1 Qd5 31. Qf6+ Kc7 32. Qxa6 Re2 33. Qxa7+
Kc8 34. Qa6+ Kc7 35. Qa7+ Kc8 36. Qa6+ 1/2-1/2

[Event "37th ECC Open 2022"]
[Site "Mayrhofen AUT"]
[Date "2022.10.04"]
[Round "2.13"]
[Board "6"]
[White "Varpanen, Jan"]
[Black "Quinn, John M"]
[Result "1-0"]
[WhiteElo "2106"]
[BlackElo "2122"]
[WhiteTeam "Vammalan Shakkikerho"]
[BlackTeam "Celtic Tigers"]
[WhiteFideId "505218"]
[BlackFideId "405043"]
[EventDate "2022.10.03"]

1. e4 e5 2. Nf3 Nc6 3. Bb5 a6 4. Ba4 Nf6 5. O-O Be7 6. Re1 b5 7. Bb3 O-O 8. c3
d5 9. exd5 Nxd5 10. Nxe5 Nxe5 11. Rxe5 c6 12. Re1 Bd6 13. d3 Qh4 14. g3 Qh3 15.
Re4 Nf6 16. Rh4 Qf5 17. Bc2 Re8 18. Nd2 c5 19. Ne4 Nxe4 20. dxe4 Qe6 21. e5 Bxe5
22. Bxh7+ Kf8 23. Be4 Ra7 24. Rh8+ Ke7 25. Bg5+ f6 26. Rxe8+ Kxe8 27. Bg6+ Ke7
28. Be3 Rc7 29. Qh5 Qh3 30. Re1 Qxh5 31. Bxh5 Kd8 32. f4 Bd6 33. Rd1 Ke7 34. Re1
Kd8 35. Bf2 Re7 36. Rxe7 Kxe7 37. Bf3 Kf7 38. Kg2 g6 39. Be3 c4 40. a3 Ke6 41.
Bg4+ f5 42. Bf3 Kf7 43. Bd5+ Kf8 44. Kf3 Ke7 45. h3 Kf8 46. g4 Be7 47. Bd4 Bd8
48. gxf5 gxf5 49. Kg3 Bd7 50. h4 Be8 51. Be6 Be7 52. Bxf5 a5 53. Kg4 Bf7 54. h5 1-0

[Event "37th ECC Open 2022"]
[Site "Mayrhofen AUT"]
[Date "2022.10.05"]
[Round "3.1"]
[Board "1"]
[White "Mamedov, Rauf"]
[Black "Anand, Viswanathan"]
[Result "1/2-1/2"]
[WhiteTitle "GM"]
[BlackTitle "GM"]
[WhiteElo "2646"]
[BlackElo "2756"]
[WhiteTeam "Vugar Gashimov"]
[BlackTeam "CSU ASE Superbet"]
[WhiteFideId "13401653"]
[BlackFideId "5000017"]
[EventDate "2022.10.03"]

1. e4 e5 2. Nf3 Nc6 3. d4 exd4 4. Bc4 Bc5 5. Ng5 Nh6 6. Nxf7 Nxf7 7. Bxf7+ Kxf7
8. Qh5+ g6 9. Qxc5 d5 10. O-O dxe4 11. c3 Re8 12. cxd4 Qxd4 13. Qg5 Qf6 14. Qg3
Nd4 15. Nc3 c6 16. Bg5 Qe5 17. Rad1 Nf5 18. Qxe5 Rxe5 19. Rfe1 h6 20. Bf4 Re8
21. Nxe4 g5 22. Nd6+ Nxd6 23. Bxd6 Rxe1+ 24. Rxe1 Be6 25. a3 Rd8 26. Bb4 Re8 27.
Bc3 Bd5 28. Rxe8 Kxe8 29. f3 Kf7 30. Kf2 h5 1/2-1/2

[Event "37th ECC Open 2022"]
[Site "Mayrhofen AUT"]
[Date "2022.10.05"]
[Round "3.1"]
[Board "2"]
[White "Rapport, Richard"]
[Black "Shevchenko, Kirill"]
[Result "0-1"]
[WhiteTitle "GM"]
[BlackTitle "GM"]
[WhiteElo "2754"]
[BlackElo "2645"]
[WhiteTeam "CSU ASE Superbet"]
[BlackTeam "Vugar Gashimov"]
[WhiteFideId "738590"]
[BlackFideId "14129574"]
[EventDate "2022.10.03"]

1. Nf3 Nf6 2. g3 g6 3. Bg2 Bg7 4. d4 O-O 5. O-O d5 6. c4 Nc6 7. cxd5 Nxd5 8. e3
Nb6 9. Bd2 e5 10. Nxe5 Nxe5 11. dxe5 Bxe5 12. Bc3 Qe7 13. Qc2 c6 14. Nd2 Rd8 15.
a3 Bf5 16. e4 Bg4 17. Bxe5 Qxe5 18. f4 Qb5 19. Rf2 Qd3 20. Rc1 Qxc2 21. Rxc2 Rd3
22. Bf1 Rd4 23. h3 Be6 24. f5 gxf5 25. exf5 Bd5 26. Re2 Rd8 27. Kf2 Nc4 28. Nxc4
Bxc4 29. Re7 Bxf1 30. Kxf1 R4d7 31. Rxd7 Rxd7 32. Ke2 Kg7 33. Rc4 Rd5 34. Rg4+
Kf6 35. Rh4 Rb5 36. b4 Re5+ 37. Kd2 Rxf5 38. Rxh7 Rf3 39. g4 Rxa3 40. Kc2 a5 41.
bxa5 Rxa5 42. Rh8 Ra3 43. h4 Kg7 44. Rb8 Ra4 45. Rxb7 Rxg4 46. Rc7 Rxh4 47. Rxc6
Rd4 48. Rc3 Rd5 49. Rf3 Kg6 50. Rf1 f5 51. Kc3 Kg5 52. Kc4 Rd8 53. Rg1+ Kh4 54.
Rf1 Kg4 55. Rg1+ Kh3 56. Rf1 Rf8 57. Kd3 Kg2 58. Rf4 Kg3 59. Kd4 0-1

[Event "37th ECC Open 2022"]
[Site "Mayrhofen AUT"]
[Date "2022.10.05"]
[Round "3.1"]
[Board "3"]
[White "Iskandarov, Misratdin"]
[Black "Deac, Bogdan-Daniel"]
[Result "0-1"]
[WhiteTitle "GM"]
[BlackTitle "GM"]
[WhiteElo "2601"]
[BlackElo "2707"]
[WhiteTeam "Vugar Gashimov"]
[BlackTeam "CSU ASE Superbet"]
[WhiteFideId "13400312"]
[BlackFideId "1226380"]
[EventDate "2022.10.03"]

1. e4 e5 2. Nf3 Nc6 3. Bc4 Bc5 4. c3 Nf6 5. d3 d6 6. O-O a5 7. Re1 Ba7 8. Na3 h6
9. Nc2 O-O 10. Be3 Ne7 11. Bxa7 Rxa7 12. d4 Ng6 13. dxe5 dxe5 14. Qxd8 Rxd8 15.
Rad1 Re8 16. Nd2 c6 17. f3 Nd7 18. Ne3 b5 19. Bf1 Nc5 20. Nb3 Nxb3 21. axb3 Be6
22. Rd6 Rc8 23. c4 Nf8 24. cxb5 cxb5 25. Nd5 Rc2 26. Re2 Rc1 27. Rd2 Nd7 28.
Ne7+ Kf8 29. Nd5 g6 30. b4 axb4 31. Kf2 b3 32. Bxb5 Nc5 33. Nb4 Rb7 34. Nd3
Nxd3+ 35. Bxd3 Rbc7 36. Ke3 h5 37. Be2 Rh1 38. h3 Rb1 39. Bd1 Rb7 40. h4 Ke7 41.
R6d3 Kf6 42. g3 Rc1 43. Kf2 Rb4 44. Ke3 Ke7 45. Be2 Rc6 46. Rd1 f5 47. exf5 gxf5
48. R3d2 f4+ 49. gxf4 Rxf4 50. Rh1 Rc2 51. Bd1 Rc1 52. Rhh2 Rd4 53. f4 Rxd1 0-1

[Event "37th ECC Open 2022"]
[Site "Mayrhofen AUT"]
[Date "2022.10.05"]
[Round "3.1"]
[Board "4"]
[White "Gukesh, D"]
[Black "Ahmadzada, Ahmad"]
[Result "1-0"]
[WhiteTitle "GM"]
[BlackTitle "IM"]
[WhiteElo "2732"]
[BlackElo "2488"]
[WhiteTeam "CSU ASE Superbet"]
[BlackTeam "Vugar Gashimov"]
[WhiteFideId "46616543"]
[BlackFideId "13413007"]
[EventDate "2022.10.03"]

1. d4 Nf6 2. c4 e6 3. Nf3 Bb4+ 4. Nbd2 b6 5. a3 Bxd2+ 6. Qxd2 Bb7 7. e3 O-O 8.
Be2 d5 9. b3 Nbd7 10. O-O c5 11. a4 Rc8 12. Ba3 Re8 13. cxd5 Bxd5 14. Qb2 Ne4
15. Rac1 Qf6 16. Bb5 Bc6 17. Bxc6 Rxc6 18. Ne5 Nxe5 19. dxe5 Qg5 20. Rc4 f5 21.
exf6 Nxf6 22. b4 Nd7 23. bxc5 Nxc5 24. Qe2 Rd6 25. h4 Qf6 26. g3 Rc8 27. Bb2 e5
28. Ba3 Rdc6 29. Rd1 Qe6 30. e4 h6 31. Rd5 Nd7 32. Rxc6 Rxc6 33. Qb5 Kh7 34. h5
a6 35. Qd3 Nf6 36. Kg2 Nxh5 37. Bb2 Rc5 38. Bxe5 Rxd5 39. exd5+ Qg6 40. Qd4 Qe8
41. d6 Qd7 42. Qxb6 1-0

[Event "37th ECC Open 2022"]
[Site "Mayrhofen AUT"]
[Date "2022.10.05"]
[Round "3.1"]
[Board "5"]
[White "Sadikhov, Ulvi"]
[Black "Sargissian, Gabriel"]
[Result "1/2-1/2"]
[WhiteTitle "GM"]
[BlackTitle "GM"]
[WhiteElo "2473"]
[BlackElo "2711"]
[WhiteTeam "Vugar Gashimov"]
[BlackTeam "CSU ASE Superbet"]
[WhiteFideId "13401416"]
[BlackFideId "13300881"]
[EventDate "2022.10.03"]

1. c4 e6 2. g3 d5 3. Bg2 Nf6 4. Nf3 Be7 5. b3 d4 6. O-O c5 7. e3 Nc6 8. exd4
cxd4 9. d3 O-O 10. Bg5 h6 11. Bxf6 Bxf6 12. Nbd2 e5 13. Re1 Qc7 14. a3 a5 15. c5
Be6 16. Rc1 Na7 17. Nc4 Bxc4 18. bxc4 Qxc5 19. Qa4 Nc8 20. Rb1 Nd6 21. Nd2 Ra7
22. Ne4 Nxe4 23. Bxe4 Be7 24. Rxb7 Rxb7 25. Bxb7 Rb8 26. Qd7 Qd6 27. Qxd6 Bxd6
28. Bd5 Kf8 29. a4 f6 30. Rc1 Bc5 31. f4 exf4 32. gxf4 Rb2 33. f5 Rd2 34. Be4
Ke7 35. Rb1 Bb4 36. c5 Ra2 37. Rc1 Kd7 38. Rc4 Kc7 39. c6 Rxa4 40. Kg2 Ra2+ 41.
Kf3 Bc3 42. Rc5 Rxh2 43. Rd5 Kxc6 44. Rxa5+ Kb6 45. Ra8 Rh5 46. Ra2 Rg5 47. Rg2
h5 48. Kf2 Bd2 49. Rxg5 fxg5 50. Bd5 g4 51. Bf7 h4 52. Bh5 Be3+ 53. Kf1 g3 54.
Bg4 Kc5 55. Bh3 Kd5 56. Kg2 Ke5 57. Kf3 Bg5 58. Kg4 Bd8 59. Bg2 Be7 60. Bh3 Kd5
61. Kf3 Kd6 62. Bg2 Ke5 63. Kg4 1/2-1/2

[Event "37th ECC Open 2022"]
[Site "Mayrhofen AUT"]
[Date "2022.10.05"]
[Round "3.1"]
[Board "6"]
[White "Lupulescu, Constantin"]
[Black "Babazada, Khazar"]
[Result "1-0"]
[WhiteTitle "GM"]
[BlackTitle "IM"]
[WhiteElo "2603"]
[BlackElo "2463"]
[WhiteTeam "CSU ASE Superbet"]
[BlackTeam "Vugar Gashimov"]
[WhiteFideId "1207822"]
[BlackFideId "13413554"]
[EventDate "2022.10.03"]

1. d4 d5 2. c4 c6 3. Nf3 Nf6 4. e3 Bf5 5. Nc3 e6 6. Nh4 Be4 7. f3 Bg6 8. Bd2 Be7
9. Nxg6 hxg6 10. Qc2 Qc7 11. O-O-O dxc4 12. Bxc4 Nbd7 13. h3 b5 14. Bd3 a6 15.
Ne4 Rc8 16. Kb1 c5 17. Nxc5 Nxc5 18. dxc5 Qg3 19. Be1 Qe5 20. c6 Qxe3 21. Bf2
Qf4 22. Rc1 O-O 23. Rhd1 Rfd8 24. Be4 Rxd1 25. Rxd1 Nxe4 26. fxe4 Bf6 27. Bb6
Qb8 28. Qc5 Qf4 29. Qc2 Qb8 30. Qc5 Qf4 31. c7 Kh7 32. a3 Qxe4+ 33. Qc2 Qe5 34.
Rd7 b4 35. a4 Qg3 36. Ka2 Qg5 37. g4 Qe5 38. Qb3 Qg5 39. Qxb4 Qh4 40. Rxf7 Qxh3
41. Rxf6 gxf6 42. Qe7+ Kh6 43. Qxe6 Qf3 44. Be3+ 1-0